Comprehensive urology (Record no. 28432)

MARC details
000 -LEADER
fixed length control field 00364nam a2200169Ia 4500
020 ## - INTERNATIONAL STANDARD BOOK NUMBER
ISBN 0723429499
050 ## - CALL MARK
Classification number RC 871 C646/
245 #0 - TITLE STATEMENT
Title Comprehensive urology
260 ## - PUBLICATION, DISTRIBUTION, ETC. (IMPRINT)
Place of publication London
260 ## - PUBLICATION, DISTRIBUTION, ETC. (IMPRINT)
Name of publisher Mosby
260 ## - PUBLICATION, DISTRIBUTION, ETC. (IMPRINT)
Year of publication c2001
300 ## - PHYSICAL DESCRIPTION
Number of Pages 724 p
650 ## - SUBJECT ADDED ENTRY--TOPICAL TERM
Topical Term UROLOGY
942 ## - ADDED ENTRY ELEMENTS (KOHA)
Koha item type Books
Holdings
Withdrawn status Lost status Source of classification or shelving scheme Damaged status Not for loan Permanent Location Current Location Date acquired Accession Number Price effective from Koha item type
    Library of Congress Classification     NILE UNIVERSITY OF NIGERIA - MAIN LIBRARY NILE UNIVERSITY OF NIGERIA - MAIN LIBRARY 04/23/2025 0000093 04/23/2025 Books